[Event "Bhopal GM Open 2018"]
[Site "Bhopal"]
[Date "2018.12.23"]
[Round "4"]
[White "Nguyen, Van Huy"]
[Black "Parthasarathy R"]
[Result "1-0"]
[WhiteElo "2438"]
[BlackElo "2019"]
[Annotator "TA"]
[PlyCount "57"]
[EventDate "2018.12.21"]
[EventType "swiss"]
[EventCountry "IND"]
[SourceTitle "playchess.com"]
[Source "ChessBase"]
[SourceQuality "1"]

{[%evp 19,57,69,80,85,91,91,80,84,115,108,112,111,121,121,108,112,110,73,75,56,70,53,57,56,77,58,165,150,150,162,156,154,160,139,209,214,217,234,761,760]} 1. d4 d6 2. Nf3 g6 3. c4 Bg7 4. Nc3 Nf6 5. e4 O-O 6. Be2 e5 7. Be3 Ng4 8. Bg5 f6 9. Bh4 Qe8 10. O-O Nh6 {LiveBook: 3 Games. E92: King's Indian: Classical: 6 Be2 e5: 7 dxe5, 7 Be3 and Petrosian System without 7...Nbd7} (10... Kh8 11. h3 Nh6 12. Qd2 g5 13. Bg3 g4 14. hxg4 Nxg4 15. Nd5 Qf7 16. Ne3 Bh6 17. Qc3 Nxe3 18. fxe3 {1-0 (34) Topalov,V (2740)-Nijboer,F (2580) Wijk aan Zee 1998}) 11. c5 g5 $146 ({Predecessor:} 11... exd4 12. Nd5 Rf7 13. cxd6 cxd6 14. Bc4 Kh8 15. Nxd4 Qxe4 16. Bg3 Nc6 17. Nb5 Qxc4 18. Nxd6 {½-½ (56) Fernandez,F (2410)-Gomez Jurado,L (2218) Montcada 2016}) 12. Bg3 g4 {White is better.} 13. Nh4 Nc6 14. Nb5 {[%mdl 64] Double Attack} Qe7 15. d5 {Hoping for cxd6.} Nd4 16. Nxd4 exd4 17. cxd6 ({Much weaker is} 17. Qxd4 $6 f5 $11) 17... cxd6 18. Nf5 ({Resist} 18. Qxd4 f5 $11) 18... Nxf5 19. exf5 Bxf5 20. Re1 $1 $36 {[%mdl 2048] White is more active.} Rfe8 {...d3! is the strong threat.} 21. Qxd4 Qd7 22. Bc4 Bg6 (22... a6 $14) 23. Re6 $18 f5 24. Qd2 Bf8 {[#]} 25. Rae1 $1 Rac8 26. Bb3 Red8 {[#]} (26... a6 $16 27. Bc2 Qb5) 27. Bh4 $1 Re8 28. Bf6 Bg7 $2 (28... Rc7 29. Qg5 Rec8) 29. Re7 {Accuracy: White = 76%, Black = 49%.} 1-0

[Event "Bhopal GM Open 2018"]
[Site "Bhopal"]
[Date "2018.12.23"]
[Round "4"]
[White "Rathnakaran, K.."]
[Black "Chandreyee, Hajra"]
[Result "1-0"]
[WhiteElo "2366"]
[BlackElo "1933"]
[Annotator "NA"]
[PlyCount "79"]
[EventDate "2018.12.21"]
[EventType "swiss"]
[EventCountry "IND"]
[SourceTitle "playchess.com"]
[Source "ChessBase"]
[SourceQuality "1"]
[TimeControl "5400+30"]

1. e4 {[%emt 0:00:00]} c6 {[%emt 0:00:11]} 2. d3 {[%emt 0:00:00]} d5 {[%emt 0:00:08]} 3. Nd2 {[%emt 0:00:00]} e5 {[%emt 0:02:03]} 4. Ngf3 {[%emt 0:00:00]} Bd6 {[%emt 0:03:28]} 5. g3 {[%emt 0:00:00]} Nf6 {[%emt 0:01:27]} 6. Bg2 {[%emt 0:00:00]} O-O {[%emt 0:00:59]} 7. O-O {[%emt 0:00:05]} Be6 {[%emt 0:04:11] LiveBook: 6 Games. B10: Caro-Kann: 2 d3 and 2 c4} (7... Re8 8. Re1 Nbd7 9. c3 h6 10. Qc2 Nf8 11. b3 Ng6 12. Bb2 Bg4 13. h3 Be6 14. Rad1 Qc7 15. Nf1 Rad8 16. Ne3 Qc8 17. Kh2 {0-1 (39) Mamedyarov,S (2799)-Grischuk,A (2772) Huaian 2017}) 8. Ng5 $146 {[%emt 0:00:21]} ({Predecessor:} 8. b3 Nbd7 9. Bb2 Re8 10. Re1 Qc7 11. Qe2 h6 12. h3 Rad8 13. a3 a5 14. Nh4 b5 15. a4 {1-0 (64) Pancevski,F (2498)-Ioannidis,E (2296) Thessaloniki 2018}) 8... Bg4 {[%emt 0:03:02]} 9. f3 {[%emt 0:00:07]} Bc5+ {[%emt 0:03:44] Black is better.} 10. Kh1 {[%emt 0:00:09]} Bh5 {[%emt 0:02:14]} 11. g4 {[%emt 0:01:24]} Bg6 {[%emt 0:01:34]} 12. Nb3 {[%emt 0:00:40]} Be7 {[%emt 0:01:49]} 13. Nh3 {[%emt 0:00:08]} dxe4 {[%emt 0:04:00]} 14. fxe4 {[%emt 0:00:06]} Qd7 {[%emt 0:04:42]} 15. Nf2 {[%emt 0:00:41]} Na6 {[%emt 0:03:23]} 16. Be3 {[%emt 0:01:58]} h5 {[%emt 0:02:53]} (16... h6 $11) 17. gxh5 $14 {[%emt 0:01:06]} Bxh5 {[%emt 0:00:39]} 18. Bf3 {[%emt 0:00:05]} Bxf3+ {[%emt 0:04:13]} (18... Bg6 $1 $14) 19. Qxf3 $16 {[%emt 0:00:59]} c5 {[%emt 0:03:29]} (19... g6 $16 {was necessary.}) 20. Rg1 $18 {[%emt 0:01:01]} Kh7 {Accuracy: White = 74%, Black = 25%.} (20... Rfc8 $142 21. Qg3 g6) 21. Rg5 {[%emt 0:20:06]} Rh8 {[%emt 0:16:08]} 22. Rag1 {[%emt 0:00:41]} g6 {[%emt 0:05:40]} 23. Ng4 {[%emt 0:04:05]} Kg7 {[%emt 0:04:01]} 24. Nxe5 {[%emt 0:11:22]} Qe6 {[%emt 0:03:16]} 25. Bf4 {[%emt 0:09:49]} Rh3 {[%emt 0:03:02]} 26. Qg2 {[%emt 0:02:56]} Nh5 {[%emt 0:03:01]} 27. Rf5 {[%emt 0:05:04]} Nxf4 {[%emt 0:02:09]} 28. Rxf4 {[%emt 0:00:08]} Rxh2+ {[%emt 0:10:39]} 29. Qxh2 {[%emt 0:00:14]} Bd6 {[%emt 0:01:32]} 30. Rxf7+ {[%emt 0:00:21]} Qxf7 {[%emt 0:00:17]} 31. Qh6+ {[%emt 0:00:05]} Kxh6 {[%emt 0:00:21]} 32. Nxf7+ {[%emt 0:00:04]} Kg7 {[%emt 0:00:30]} 33. Nxd6 {[%emt 0:00:04]} Nb4 {[%emt 0:00:09]} 34. Rg2 {[%emt 0:00:33]} b6 {[%emt 0:01:03]} 35. d4 {[%emt 0:01:03]} Rd8 {[%emt 0:01:07]} 36. dxc5 {[%emt 0:00:26]} bxc5 {[%emt 0:00:37]} 37. Rd2 {[%emt 0:00:04]} Rh8+ {[%emt 0:01:26]} 38. Kg2 {[%emt 0:00:22]} Rh5 {[%emt 0:00:44]} 39. a3 {[%emt 0:00:04]} Nc6 {[%emt 0:00:16]} 40. Rd5 {[%emt 0:00:06]} 1-0

[Event "Bhopal GM Open 2018"]
[Site "Bhopal"]
[Date "2018.12.23"]
[Round "4"]
[White "Tran, Minh Thang"]
[Black "Sri Sai Baswanth P"]
[Result "1-0"]
[WhiteElo "2342"]
[BlackElo "1921"]
[Annotator "NA"]
[PlyCount "49"]
[EventDate "2018.12.21"]
[EventType "swiss"]
[EventCountry "IND"]
[SourceTitle "playchess.com"]
[Source "ChessBase"]
[SourceQuality "1"]
[TimeControl "5400+30"]

{[%evp 9,35,11,-10,-8,-11,-7,23,11,30,43,30,10,81,77,97,110,105,98,128,108,127,107,101,109,132,140,123,132]} 1. Nf3 {[%emt 0:00:00]} f5 {[%emt 0:01:22]} 2. b3 {[%emt 0:00:36]} Nf6 {[%emt 0:00:22]} 3. Bb2 {[%emt 0:00:10]} e6 {[%emt 0:00:17]} 4. h3 {[%emt 0:00:23]} (4. g3 b6 5. Bg2 Bb7 6. d3 g6 7. Nbd2 Bg7 8. c4 O-O 9. O-O Qe7 10. Rb1 c5 11. e3 d6 12. d4 {½-½ (59) Rakhmanov,A (2620)-Anton Guijarro,D (2635) Linares 2015}) 4... Be7 $146 {[%emt 0:04:06]} ({Predecessor:} 4... d6 5. d4 Nc6 6. Rg1 Be7 7. g4 fxg4 8. hxg4 e5 9. dxe5 Nxg4 10. exd6 Bh4 11. Nxh4 Qxh4 {0-1 (60) Borgo,G (2442)-Lucaroni,M (2289) Bratto 2008}) 5. g4 {[%emt 0:00:19]} O-O {[%emt 0:01:22]} 6. e3 {[%emt 0:02:44] A04: Unusual lines after 1 Nf3 and King's Indian Attack} d5 {[%emt 0:00:59]} 7. gxf5 {[%emt 0:02:59]} exf5 {[%emt 0:01:46]} 8. Rg1 {[%emt 0:00:15] White has an edge.} Nc6 {[%emt 0:01:13]} 9. Nc3 {[%emt 0:00:17]} Kh8 {[%emt 0:09:19]} 10. Ne2 {[%emt 0:01:06]} Be6 {[%emt 0:02:20]} (10... Bd6 $11 {remains equal.}) 11. Nf4 $16 {[%emt 0:00:22]} Qd7 {[%emt 0:03:21]} 12. Bb5 {[%emt 0:02:10]} Bd6 13. Ne5 {[%emt 0:13:27]} Bxe5 {[%emt 0:03:46]} 14. Bxe5 {[%emt 0:00:11]} Rae8 {[%emt 0:02:38]} 15. Bxc6 {[%emt 0:02:26]} Qxc6 {[%emt 0:02:52]} 16. Qf3 {[%emt 0:00:56]} Bd7 {[%emt 0:04:30]} 17. Bd4 Qd6 {[%emt 0:06:21]} 18. O-O-O {[%emt 0:06:42] Precision: White = 73%, Black = 45%.} ({Inferior is} 18. Bxa7 b6 $17) 18... Rf7 {[%emt 0:02:45]} 19. Nh5 {[%emt 0:02:31]} Nxh5 {[%emt 0:01:39]} 20. Qxh5 {[%emt 0:00:08]} Ree7 {[%emt 0:06:12]} 21. f4 {[%emt 0:02:28]} Be8 {[%emt 0:09:31]} 22. Rg5 {[%emt 0:01:38]} Qe6 {[%emt 0:08:21]} 23. Rdg1 {[%emt 0:00:46]} Rf6 {[%emt 0:02:33]} 24. Qh4 {[%emt 0:00:48]} Rff7 {[%emt 0:12:45]} 25. Rh5 {[%emt 0:00:22]} 1-0

[Event "Bhopal GM Open 2018"]
[Site "Bhopal"]
[Date "2018.12.23"]
[Round "4"]
[White "Purushothaman, Thirumalai"]
[Black "Tran, Tuan Minh"]
[Result "*"]
[WhiteElo "2169"]
[BlackElo "2524"]
[Annotator "TA"]
[PlyCount "32"]
[EventDate "2018.12.21"]
[EventType "swiss"]
[EventCountry "IND"]
[SourceTitle "playchess.com"]
[Source "ChessBase"]
[SourceQuality "1"]

{[%evp 17,19,-4,55,-2]} 1. d4 Nf6 2. c4 e6 3. Nf3 b6 4. Nc3 Bb4 5. Bg5 h6 6. Bh4 g5 7. Bg3 Ne4 8. Qc2 Bb7 9. Nd2 {E13: Queen's Indian/Nimzo-Indian hybrid: 4 Nc3 Bb7 5 Bg5 h6 6 Bh4 Bb4} f5 {LiveBook: 6 Games} (9... Bxc3 $11 10. bxc3 Nxg3 11. hxg3 d6) (9... Bxc3 10. bxc3 Nxg3 11. hxg3 d6 12. g4 Nd7 13. a4 a5 14. Ne4 Qe7 15. Ng3 c5 16. e3 O-O-O {½-½ (28) Moranda,W (2593)-Zhigalko,S (2641) Katowice 2017}) 10. f3 ({White should try} 10. Ndxe4 $14 Bxe4 11. Qb3 Bxc3+ 12. Qxc3) {Predecessor:} 10... Nxg3 $146 11. hxg3 Qf6 12. e3 Nc6 13. O-O-O O-O-O 14. a3 Bxc3 15. Qxc3 h5 16. Be2 Qg7 {½-½ (34) Ashwath,R (2285)-Van Foreest,L (2488) Dieren 2018} *

[Event "Bhopal GM Open 2018"]
[Site "Bhopal"]
[Date "2018.12.23"]
[Round "4"]
[White "Purushothaman, Thirumalai"]
[Black "Tran, Tuan Minh"]
[Result "0-1"]
[WhiteElo "2169"]
[BlackElo "2524"]
[Annotator "TA"]
[PlyCount "56"]
[EventDate "2018.12.21"]
[EventType "swiss"]
[EventCountry "IND"]
[SourceTitle "playchess.com"]
[Source "ChessBase"]
[SourceQuality "1"]

{[%evp 17,56,15,51,2,2,-3,41,44,36,-91,-81,-98,-85,-108,-104,-122,-111,-126,-137,-118,-130,-166,-163,-201,-209,-207,-197,-201,-183,-220,-213,-237,-250,-293,-287,-414,-396,-414,-418,-568,-588]} 1. d4 Nf6 2. c4 e6 3. Nf3 b6 4. Nc3 Bb4 5. Bg5 {[%cal Bc1g5,Bg5h4,Bh4g3][%mdl 32]} h6 6. Bh4 g5 7. Bg3 Ne4 8. Qc2 Bb7 9. Nd2 {E13: Queen's Indian/Nimzo-Indian hybrid: 4 Nc3 Bb7 5 Bg5 h6 6 Bh4 Bb4} f5 {LiveBook: 6 Games} (9... Bxc3 10. bxc3 Nxg3 11. hxg3 d6 12. g4 Nd7 13. a4 a5 14. Ne4 Qe7 15. Ng3 c5 16. e3 O-O-O {½-½ (28) Moranda,W (2593)-Zhigalko,S (2641) Katowice 2017}) 10. f3 Nxg3 11. hxg3 {[%cal Bh2g3,Bg3g4][%mdl 32] The position is equal.} Bd6 $146 ({Predecessor:} 11... Qf6 12. e3 Nc6 13. O-O-O O-O-O 14. a3 Bxc3 15. Qxc3 h5 16. Be2 Qg7 {½-½ (34) Ashwath,R (2285)-Van Foreest,L (2488) Dieren 2018}) 12. g4 Nc6 {[%cal Bb8c6,Bc6d4,Bd4f5,Bf5h4][%mdl 32]} 13. O-O-O (13. e3 $14) 13... Nxd4 $17 14. Qd3 Qf6 $36 {[%mdl 2048] White is under strong pressure.} 15. gxf5 Nxf5 16. Nce4 Qe7 17. g4 {[#]} Nh4 $1 18. Nxd6+ Qxd6 19. Qe3 Rf8 20. Rxh4 gxh4 21. Qxh6 O-O-O {[#] Strongly threatening ...Rh8.} 22. Qxh4 Qf4 23. Qe7 c5 24. Kc2 Rf7 25. Qh4 d5 26. cxd5 (26. Ne4 $142) 26... Qa4+ $19 27. Kc1 Bxd5 ({Weaker is} 27... Rxd5 28. e4 $17) 28. e4 Bxa2 {Accuracy: White = 36%, Black = 79%.} 0-1

[Event "Bhopal GM Open 2018"]
[Site "Bhopal"]
[Date "2018.12.23"]
[Round "4"]
[White "Shiva Pavan Teja Sharma U"]
[Black "Deviatkin, Andrei"]
[Result "0-1"]
[WhiteElo "2057"]
[BlackElo "2464"]
[Annotator "TA"]
[PlyCount "64"]
[EventDate "2018.12.21"]
[EventType "swiss"]
[EventCountry "IND"]
[SourceTitle "playchess.com"]
[Source "ChessBase"]
[SourceQuality "1"]

{[%evp 16,64,37,20,29,19,25,10,8,0,-8,-9,-2,-8,-10,-13,0,-5,-3,-1,-2,-16,-18,-8,-7,-12,-8,-20,-16,-20,-11,-18,49,46,56,73,72,77,341,166,157,139,148,91,93,101,94,101,101,-4838,-4831]} 1. e4 c6 2. d4 d5 3. exd5 cxd5 4. Bd3 Nc6 5. c3 Nf6 6. Nf3 Bg4 7. Bf4 e6 8. Nbd2 Be7 {B13: Caro-Kann: Exchange Variation and Panov-Botvinnik Attack} (8... Bd6 9. Bg5 Be7 10. O-O O-O 11. Re1 Bh5 12. Qe2 Qc7 13. Bh4 a6 14. a4 Rab8 15. h3 Rfe8 16. Qe3 Bg6 17. Bxg6 hxg6 18. Bg3 Bd6 {1-0 (72) Radjabov,T (2724)-Matlakov,M (2689) Dubai 2014}) 9. O-O {LiveBook: 3 Games} Bh5 10. Qa4 O-O {The position is equal.} 11. Rae1 $146 ({Predecessor:} 11. Ne5 Nxe5 12. Bxe5 Nd7 13. Bg3 Nb6 14. Qc2 Bg6 15. f4 Nc4 16. Nxc4 dxc4 17. Be4 Bxe4 {½-½ (17) Rimpler,R (1751)-Koehler,G (1889) Neustadt an der Weinstrasse 2018}) 11... a6 12. Ne5 Nxe5 13. Bxe5 b5 14. Qc2 Bg6 15. f4 Ng4 16. f5 exf5 17. Bxf5 b4 18. Bxg6 hxg6 19. Nf3 bxc3 20. bxc3 Qd7 21. Qe2 Rfe8 22. h3 Nf6 23. Ng5 Qb5 (23... Qc6 $11) 24. Qf2 $14 {Threatens to win with g4.} Rf8 25. Qh4 $1 $36 {[%mdl 2048] Threatening mate with Rxf6! Keeping Black busy.} Nh5 {[#]} 26. g4 $1 {[%cal Rg4h5]} f6 $2 {[%mdl 8192]} (26... Bxg5 $16 27. Qxg5 f6 28. Qxg6 fxe5 29. gxh5 e4) 27. gxh5 (27. Ne6 $142) 27... fxg5 $18 28. Qg4 {White threatens Qe6+ and mate.} Qc6 29. Bxg7 (29. hxg6 $142 {Qh5 would kill now.} Qxg6 30. Qd7 {[%mdl 64] Double Attack}) 29... Rxf1+ $16 30. Kxf1 Kxg7 31. Rxe7+ Kh6 32. hxg6 $2 {[%mdl 8192] [#]} (32. Re6 $16 Qb5+ 33. Kg1 Qb1+ 34. Kh2 Qc2+ 35. Kh1 Qb1+ 36. Kh2 Qc2+ 37. Kh1 Qb1+ 38. Kg2 Qb2+ 39. Re2 Qxc3 40. hxg6) 32... Qf6+ {[%mdl 64] Double Attack. Accuracy: White = 37%, Black = 60%.} 0-1

[Event "Bhopal GM Open 2018"]
[Site "Bhopal"]
[Date "2018.12.23"]
[Round "4"]
[White "Jayachandra Srinivas Vellanki"]
[Black "Vignesh N R"]
[Result "0-1"]
[WhiteElo "2021"]
[BlackElo "2455"]
[Annotator "TA"]
[PlyCount "68"]
[EventDate "2018.12.21"]
[EventType "swiss"]
[EventCountry "IND"]
[SourceTitle "playchess.com"]
[Source "ChessBase"]
[SourceQuality "1"]

{[%evp 16,68,6,0,0,0,48,22,29,29,53,-38,-20,-20,-22,-19,-19,-22,-21,-32,-21,-87,-89,-90,-80,-86,-77,-100,-102,-145,-123,-135,-141,-127,-120,-100,-87,-104,-97,-92,-100,-175,-181,-166,-156,-215,-222,-255,-255,-255,-255,-255,-255,-410,-410]} 1. d4 Nf6 2. c4 e6 3. Nf3 d5 4. Nc3 dxc4 5. e4 Bb4 6. Bxc4 {D24: Queen's Gambit Accepted: 3 Nf3 Nf6 4 Nc3} Nxe4 7. O-O Nxc3 (7... Nf6 8. Qa4+ Nc6 9. Ne5 Rb8 10. d5 exd5 11. Nxd5 Nxd5 12. Nxc6 bxc6 13. Qxc6+ Qd7 14. Bxd5 {½-½ (28) Aronian,L (2764)-Caruana,F (2822) Stavanger 2018}) 8. bxc3 Be7 9. Qe2 {LiveBook: 16 Games} Nd7 10. Rd1 Nf6 $146 ({Predecessor:} 10... O-O 11. Ne5 Nxe5 12. dxe5 Qe8 13. Bd3 f5 14. exf6 Bxf6 {1-0 (31) Esipenko,A (2609)-Schitco,I (2376) Porto Carras 2018}) 11. Ne5 O-O 12. Rd3 c5 13. Bb2 (13. Rg3 $1 $14) 13... cxd4 14. cxd4 Nd5 15. Qg4 f6 16. Rg3 {[%csl Gg3][%cal Rg4g7]} g5 17. Nd3 Kh8 18. Qe2 (18. h4 $11 {remains equal.}) 18... Bd6 $36 {[%mdl 2048] Black is on the roll.} 19. Rh3 Qc7 20. Rc1 {Hoping for Bxd5.} Qg7 21. Bb3 Bd7 22. Qd2 Nf4 23. Rf3 Bc6 24. Rxc6 bxc6 25. Nxf4 Bxf4 26. Qc2 {[#]} Qg6 $1 27. Qxg6 hxg6 28. g3 (28. h4 $17) 28... Bd6 $19 29. Bxe6 Rae8 30. d5 (30. Bb3 $17) 30... cxd5 31. Rxf6 Rxf6 32. Bxf6+ Kh7 33. Bxd5 {[#]} Bc5 $1 {And now ...Rf8 would win.} 34. Bxg5 $2 (34. h4 {is a better defense.}) 34... Re5 {[%mdl 64] Double Attack. Accuracy: White = 41%, Black = 78%.} 0-1

[Event "Bhopal GM Open 2018"]
[Site "Bhopal"]
[Date "2018.12.23"]
[Round "4"]
[White "Rathneesh R"]
[Black "Shyaamnikhil P"]
[Result "0-1"]
[WhiteElo "2017"]
[BlackElo "2448"]
[Annotator "TA"]
[PlyCount "126"]
[EventDate "2018.12.21"]
[EventType "swiss"]
[EventCountry "IND"]
[SourceTitle "playchess.com"]
[Source "ChessBase"]
[SourceQuality "1"]

{[%evp 9,126,-7,-13,-5,33,13,31,0,29,21,33,8,41,24,41,-39,-44,-39,-13,-31,0,-31,-27,-27,-29,-33,-35,-28,-35,-33,-25,-47,-45,-44,-42,-69,-58,-66,-50,-50,-50,-77,-68,-150,-82,-122,-97,-106,-97,-93,-97,-93,-93,-175,-45,-45,-46,-46,-45,-48,-42,-59,-49,-66,-66,-188,-195,-189,-182,-246,-199,-237,-213,-353,-343,-329,-204,-322,-317,-454,-444,-800,-833,-804,-402,-396,-385,-261,-239,-520,-206,-206,-206,-206,-206,-158,0,-206,-206,-206,-214,-206,-206,-214,-218,-1654,-1925,-29979,-1606,-29980,-29981,-29981,-29982,-29982,-29983,-29984,-29985,-29991,-29992]} 1. e4 c5 2. Nc3 a6 3. f4 e6 4. g3 (4. Nf3 d5 5. d3 dxe4 6. dxe4 Qxd1+ 7. Nxd1 Nc6 8. c3 Nf6 9. Nf2 Be7 10. Bd3 O-O 11. Be3 b5 12. a4 {0-1 (31) Shabalov,A (2568)-Zherebukh,Y (2633) chess.com INT 2018}) 4... d5 5. Bg2 d4 6. Nce2 {B23: Closed Sicilian: Lines without g3} d3 $146 ({Predecessor:} 6... Nc6 7. Nf3 Be7 8. O-O h5 9. h3 Nf6 10. d3 b5 11. c3 Bb7 12. cxd4 cxd4 {1-0 (44) Fabig,H (2012)-Janssen,J (2123) GER email 2013}) 7. cxd3 Nc6 {[%cal Bb8c6,Bc6b4,Bb4d3][%mdl 32]} 8. Nh3 {White is slightly better.} Nb4 9. Nf2 Nxd3+ 10. Nxd3 Qxd3 11. O-O c4 12. Bf3 ({White should try} 12. Rf3 $14 Qxe4 13. d4) 12... Bd7 $15 13. e5 Rb8 14. Nc3 f5 15. Qe2 Bc5+ 16. Kg2 Qxe2+ 17. Nxe2 Ne7 18. b3 cxb3 19. axb3 Bc6 20. Bxc6+ Nxc6 21. Bb2 Rd8 22. Bc3 Rd5 23. Rfd1 O-O 24. Ra4 Rc8 25. Kf1 Rd3 26. Ke1 (26. Ng1 $15) 26... Rcd8 (26... Rf3 $142 27. d4 Be7) 27. Rb1 Bb6 28. Rc4 h5 29. b4 Na7 30. Nc1 Rf3 31. Nb3 (31. Rb3 $17) 31... Rf2 ({Black should play} 31... Nb5 $19 32. Rc1 h4 $1 {[%mdl 512]}) 32. Bd4 Rxh2 33. Bxb6 Rh1+ 34. Ke2 Rxb1 35. Nc5 {[%mdl 64] Double Attack} Ra8 36. Bxa7 $1 {Strongly threatening Bb6.} b5 37. Rd4 (37. Rc3 $15 Rxa7 38. Nxe6) 37... Rxa7 $19 38. Nxe6 {[%mdl 4096] Endgame KRR-KRN} Kf7 39. Ng5+ (39. Nc5 $142) 39... Ke7 {And now ...Rd7 would win.} 40. Rd6 Rxb4 41. Rg6 (41. Ne6 $142 Rd7 42. Rxa6 Re4+ 43. Kd1) 41... Kf8 42. Rb6 {intending Rb8+.} Ra8 43. d4 (43. Ne6+ {was worth a try.} Kf7 44. Nc7 Re4+ 45. Kd1) 43... Rb2+ 44. Kd3 (44. Ke3 $142 Rb3+ 45. Kf2) 44... Rb3+ 45. Kc2 (45. Ke2 $142 Rxg3 46. d5) 45... Rxg3 46. d5 Rc8+ 47. Kb2 Rg2+ 48. Kb3 h4 49. d6 $2 (49. Ne6+ {was forced.} Kg8 50. d6 Rg3+ 51. Kb2) 49... h3 $2 (49... Rg3+ 50. Kb2 Rxg5 $1 {[%mdl 512]} 51. fxg5 h3 52. Rxa6 h2) 50. Ne6+ Kf7 51. d7 Rg3+ 52. Kb2 Rg2+ 53. Kb3 $1 Rh8 54. d8=Q Rxd8 55. Nxd8+ {[#] KRN-KR} Kg8 $1 56. e6 h2 57. e7 $2 (57. Rb8 Kh7 58. Nf7) 57... h1=Q (57... Rg3+ $2 58. Kb4 $19) 58. e8=Q+ Kh7 {( -> ...Qd1+)} 59. Kb4 Qb1+ {Black mates.} 60. Kc5 Qc1+ {[%mdl 64] Double Attack} 61. Kd6 Rd2+ 62. Ke7 Qc7+ {[%mdl 64] Double Attack} 63. Ke6 Re2+ {[%mdl 64] Skewer. Accuracy: White = 36%, Black = 56%.} 0-1

[Event "Bhopal GM Open 2018"]
[Site "Bhopal"]
[Date "2018.12.23"]
[Round "4"]
[White "Pimpalkhare Vedant"]
[Black "Laxman, R.R."]
[Result "0-1"]
[WhiteElo "1982"]
[BlackElo "2436"]
[Annotator "TA"]
[PlyCount "102"]
[EventDate "2018.12.21"]
[EventType "swiss"]
[EventCountry "IND"]
[SourceTitle "playchess.com"]
[Source "ChessBase"]
[SourceQuality "1"]

{[%evp 22,102,0,6,33,0,42,16,39,26,36,19,18,-9,-9,-6,0,-11,-7,-34,-25,-18,-18,-22,-16,-15,-20,-20,-17,-11,0,-5,-5,-10,0,-3,14,0,3,0,9,4,0,-28,-18,-17,0,0,0,0,3,-15,0,-4,0,0,0,-9,0,-31,-9,-10,0,0,0,-79,-79,-81,-79,-137,-125,-199,-189,-313,-310,-311,-297,-289,-287,-439,-408,-339,-258]} 1. Nf3 Nf6 2. c4 e6 3. b3 d5 4. Bb2 c5 5. e3 Nc6 6. cxd5 exd5 7. Bb5 Bd6 8. O-O O-O {A13: English Opening: 1...e6} 9. d4 Bg4 (9... cxd4 10. Nxd4 Bc7 11. Bxc6 bxc6 12. Qc2 c5 13. Nf3 Bd6 14. Nbd2 Bg4 15. h3 Bh5 16. Nh4 {½-½ (32) Malakhov,V (2691)-Bluebaum,M (2633) Brest 2018}) 10. Bxc6 bxc6 11. dxc5 Bxc5 12. Qc2 {LiveBook: 3 Games} Ne4 13. Nbd2 {[%cal Bb1d2,Bd2f3,Bf3e5][%mdl 32]} Bxf3 $146 ({Predecessor:} 13... Nxd2 14. Nxd2 Bb4 15. a3 Bxd2 16. Qxd2 {1-0 (39) Zhao,X (2504)-Krivec,J (2264) Doha 2016}) 14. Nxf3 Rc8 15. Rac1 Bb6 16. Rfd1 Re8 17. Ne5 Qg5 18. Nf3 ({Avoid the trap} 18. Nxc6 $2 Nxf2 $1 {[%mdl 512]} 19. Bd4 Nxd1 $19) 18... Qh5 19. Bd4 c5 20. Bb2 (20. b4 $5) 20... Rcd8 21. Nd2 $1 Ng5 22. Nf1 Ne6 (22... Qg4 {with more complications.} 23. Ng3 d4 24. h3 Qh4 25. exd4 cxd4 26. Qd3 Ne6) 23. Ng3 Qg5 24. Qf5 Qxf5 25. Nxf5 f6 26. Rc2 Kf7 27. Rcd2 Nc7 28. Kf1 h5 29. h3 g6 30. Ng3 Rd7 31. Ne2 Red8 32. g4 hxg4 33. hxg4 Ba5 34. Rd3 Ne6 35. Kg2 Bc7 36. Nc3 {[%cal Rd3d5]} Be5 37. Ba3 Bxc3 38. Rxc3 d4 39. Rcd3 Rd5 {And now ...dxe3! would win.} 40. Kf1 Rg5 41. f3 Re5 42. exd4 cxd4 43. Kf2 (43. Bb2 $11 {remains equal.}) 43... Ra5 $36 {[%mdl 2048] Black has strong initiative.} 44. b4 Ra4 45. Kg3 {[#]} (45. Rb3 $142) 45... g5 $1 46. Rb3 {[#]} (46. Bc1 $17 {is a better defense.}) 46... Nf4 $1 $19 47. Bc1 (47. Kf2 $142) 47... Ne2+ ({Inferior is} 47... Rxa2 48. Bxf4 gxf4+ 49. Kxf4 $11) 48. Kf2 Rxa2 49. Bb2 Nf4 50. b5 (50. Ke1 $142) 50... Rh8 {Strongly threatening ...Rh2+.} 51. Kg1 Rh3 {Accuracy: White = 40%, Black = 45%.} 0-1